[Event "HUN-chT2 Szechenyi 2223"]
[Site "Hungary"]
[Date "2023.04.23"]
[Round "9.7"]
[White "Korcz, Sandor"]
[Black "Soos, David"]
[Result "1-0"]
[WhiteElo "1894"]
[BlackElo "1816"]
[PlyCount "99"]
[EventDate "2022.11.20"]
[EventType "team-tourn"]
[EventRounds "9"]
[EventCountry "HUN"]
[SourceTitle "EXT 2025"]
[Source "ChessBase"]
[SourceDate "2024.10.14"]
[SourceVersion "1"]
[SourceVersionDate "2024.10.14"]
[SourceQuality "1"]
[WhiteTeam "Csuti Baki Agrocentrum"]
[BlackTeam "Sentimento Ajka BSK III"]
[WhiteTeamCountry "HUN"]
[BlackTeamCountry "HUN"]

1. d4 d5 2. Nf3 c6 3. Bf4 Nf6 4. c3 Bf5 5. Nbd2 e6 6. e3 Bd6 7. Ne5 Qc7 8. h3 Nbd7 9. Ndf3 Ne4 10. Nxd7 Qxd7 11. Ne5 Qc7 12. Nd3 g5 13. Bxd6 Qxd6 14. Ne5 Bg6 15. Bd3 f6 16. Nxg6 hxg6 17. Bxe4 dxe4 18. Qa4 g4 19. 0-0-0 gxh3 20. gxh3 Rh4 21. Rdg1 Kf7 22. Rg4 Rxg4 23. hxg4 Kg7 24. Qd1 Rh8 25. Rxh8 Kxh8 26. Qh1+ Kg7 27. Qxe4 f5 28. gxf5 exf5 29. Qh4 Qe6 30. b3 Qd6 31. Kb2 Qe6 32. Qf4 Qd7 33. Qe5+ Kh6 34. Qf6 Kh5 35. c4 g5 36. Qe5 g4 37. Kc3 Kg5 38. e4 Qf7 39. d5 cxd5 40. cxd5 Kh4 41. exf5 Qf8 42. d6 Qc8+ 43. Kb2 Qc6 44. Qf4 Kh5 45. f6 Qb5 46. f7 Qe2+ 47. Kc3 Qe1+ 48. Kd4 Qb4+ 49. Ke5 Qc5+ 50. Kf6 1-0

[Event "HUN-chT2 Szechenyi 2223"]
[Site "Hungary"]
[Date "2023.03.12"]
[Round "7.8"]
[White "Soos, David"]
[Black "Szalay, Istvan"]
[Result "1-0"]
[WhiteElo "1817"]
[BlackElo "1477"]
[PlyCount "53"]
[EventDate "2022.11.20"]
[EventType "team-tourn"]
[EventRounds "9"]
[EventCountry "HUN"]
[SourceTitle "EXT 2025"]
[Source "ChessBase"]
[SourceDate "2024.10.14"]
[SourceVersion "1"]
[SourceVersionDate "2024.10.14"]
[SourceQuality "1"]
[WhiteTeam "Sentimento Ajka BSK III"]
[BlackTeam "Arboretum Hereny KSE"]
[WhiteTeamCountry "HUN"]
[BlackTeamCountry "HUN"]

1. d4 d5 2. Nf3 Nc6 3. g3 Nf6 4. Bg2 e6 5. 0-0 h6 6. c4 dxc4 7. Nc3 a6 8. Qa4 b5 9. Nxb5 Bd7 10. Nc3 Nxd4 11. Qxc4 Nb5 12. Ne5 Rb8 13. Nc6 Bxc6 14. Bxc6+ Nd7 15. Nxb5 axb5 16. Bxb5 Bd6 17. Qa4 Ke7 18. Bxd7 Qxd7 19. Qxd7+ Kxd7 20. a3 Rb3 21. Rd1 Rhb8 22. Kf1 Kc8 23. Rd3 R3b6 24. b4 Ra8 25. Bb2 f6 26. Rc1 Rb5 27. Rxd6 1-0

[Event "HUN-chT2 Szechenyi 2223"]
[Site "Hungary"]
[Date "2023.01.29"]
[Round "4.6"]
[White "Toth, Tibor"]
[Black "Soos, David"]
[Result "1/2-1/2"]
[WhiteElo "1938"]
[BlackElo "1819"]
[PlyCount "39"]
[EventDate "2022.11.20"]
[EventType "team-tourn"]
[EventRounds "9"]
[EventCountry "HUN"]
[SourceTitle "EXT 2025"]
[Source "ChessBase"]
[SourceDate "2024.10.14"]
[SourceVersion "1"]
[SourceVersionDate "2024.10.14"]
[SourceQuality "1"]
[WhiteTeam "Haladas III"]
[BlackTeam "Sentimento Ajka BSK III"]
[WhiteTeamCountry "HUN"]
[BlackTeamCountry "HUN"]

1. a3 d5 2. d4 c6 3. Nf3 Nf6 4. Bf4 g6 5. e3 Bg7 6. Bd3 0-0 7. Nbd2 Nbd7 8. h3 Qb6 9. b4 a5 10. c3 Re8 11. Ne5 Nxe5 12. Bxe5 Nd7 13. Bxg7 Kxg7 14. f4 e5 15. 0-0 exd4 16. exd4 Nf6 17. Qf3 Bd7 18. Nb3 axb4 19. axb4 Qc7 20. Rxa8 1/2-1/2

[Event "HUN-chT2 Szechenyi 2223"]
[Site "Hungary"]
[Date "2022.11.20"]
[Round "1.7"]
[White "Soos, David"]
[Black "Toth, Barnabas"]
[Result "1-0"]
[WhiteElo "1805"]
[BlackElo "1679"]
[PlyCount "53"]
[EventDate "2022.11.20"]
[EventType "team-tourn"]
[EventRounds "9"]
[EventCountry "HUN"]
[SourceTitle "EXT 2025"]
[Source "ChessBase"]
[SourceDate "2024.10.14"]
[SourceVersion "1"]
[SourceVersionDate "2024.10.14"]
[SourceQuality "1"]
[WhiteTeam "Sentimento Ajka BSK III"]
[BlackTeam "Tapolca VSE II"]
[WhiteTeamCountry "HUN"]
[BlackTeamCountry "HUN"]

1. d4 Nf6 2. Nf3 e6 3. g3 b6 4. Bg2 Bb7 5. 0-0 c5 6. c4 cxd4 7. Nxd4 Bxg2 8. Kxg2 Bc5 9. Nc3 d5 10. Bg5 dxc4 11. Qa4+ Qd7 12. Ndb5 Qc6+ 13. f3 0-0 14. Bxf6 gxf6 15. Qxc4 Be3 16. Qd3 Bh6 17. Ne4 f5 18. Nf6+ Kh8 19. a4 Na6 20. Rfd1 Nc5 21. Qc3 a6 22. Nd6 Rad8 23. Nxf7+ Rxf7 24. Rxd8+ Rf8 25. Nh5+ Kg8 26. Rxf8+ Bxf8 27. b4 1-0

[Event "HUN-chT2 Szechenyi 1819"]
[Site "Hungary"]
[Date "2019.02.10"]
[Round "5.7"]
[White "Soos, David"]
[Black "Ter, Marcell"]
[Result "0-1"]
[WhiteElo "1795"]
[BlackElo "2128"]
[PlyCount "102"]
[EventDate "2018.10.28"]
[EventType "team-tourn"]
[EventRounds "9"]
[EventCountry "HUN"]
[SourceTitle "EXT 2021"]
[Source "ChessBase"]
[SourceDate "2020.10.23"]
[SourceVersion "1"]
[SourceVersionDate "2020.10.23"]
[SourceQuality "1"]
[WhiteTeam "Ajka ASSE"]
[BlackTeam "Csuti Baki Agrocentrum"]
[WhiteTeamCountry "HUN"]
[BlackTeamCountry "HUN"]

1. d4 d5 2. c4 e6 3. Nf3 c6 4. cxd5 exd5 5. g3 Bd6 6. Bg2 Nf6 7. 0-0 0-0 8. Bg5 h6 9. Bxf6 Qxf6 10. Nc3 Bf5 11. Re1 Re8 12. Nh4 Nd7 13. Nxf5 Qxf5 14. f3 Re3 15. Qd2 Re7 16. e4 dxe4 17. fxe4 Qg5 18. Qxg5 hxg5 19. Bh3 Bb4 20. a3 Ba5 21. Kh1 Rd8 22. Rad1 Nf6 23. b4 Bb6 24. e5 g4 25. Bg2 Bxd4 26. Rd3 Rdd7 27. Na4 Bxe5 28. Nc5 Rxd3 29. Nxd3 Bd6 30. Rxe7 Bxe7 31. Kg1 Nd7 32. Kf1 f5 33. Ke2 Kf7 34. a4 Ke6 35. Kd2 Ne5 36. b5 Nxd3 37. Kxd3 Kd6 38. bxc6 bxc6 39. Kc4 g5 40. h3 gxh3 41. Bxh3 g4 42. Bg2 Bf6 43. Bf1 Be5 44. Bd3 Ke6 45. Kc5 Bxg3 46. Be2 Ke5 47. Kxc6 Bf2 48. Kd7 Bb6 49. Ke7 g3 50. Bf3 Kf4 51. Bg2 Ke3 0-1

[Event "HUN-chT2 Szechenyi 1819"]
[Site "Hungary"]
[Date "2018.12.02"]
[Round "3.7"]
[White "Soos, David"]
[Black "Nemeth, Zsolt"]
[Result "0-1"]
[WhiteElo "1795"]
[BlackElo "1922"]
[PlyCount "100"]
[EventDate "2018.10.28"]
[EventType "team-tourn"]
[EventRounds "9"]
[EventCountry "HUN"]
[SourceTitle "EXT 2021"]
[Source "ChessBase"]
[SourceDate "2020.10.23"]
[SourceVersion "1"]
[SourceVersionDate "2020.10.23"]
[SourceQuality "1"]
[WhiteTeam "Ajka ASSE"]
[BlackTeam "Keszthely Spartacus"]
[WhiteTeamCountry "HUN"]
[BlackTeamCountry "HUN"]

1. d4 Nf6 2. c4 g6 3. Nf3 Bg7 4. Nc3 d5 5. cxd5 Nxd5 6. e4 Nxc3 7. bxc3 c5 8. Bb5+ Nc6 9. 0-0 0-0 10. Bxc6 bxc6 11. Qa4 cxd4 12. cxd4 c5 13. Be3 cxd4 14. Bxd4 Bd7 15. Qa6 Bxd4 16. Nxd4 Qb6 17. Qxb6 axb6 18. Rfc1 Ra4 19. Rd1 Rfa8 20. Rd2 e5 21. Nf3 Be6 22. Nxe5 Rxe4 23. Nf3 Rea4 24. Kf1 Rxa2 25. Rdxa2 Rxa2 26. Rxa2 Bxa2 27. Ke2 Bd5 28. Ne1 Kf8 29. Kd3 Ke7 30. Kd4 Kd6 31. g3 g5 32. Nd3 f6 33. f4 h6 34. fxg5 fxg5 35. Nb4 Be6 36. Nd3 b5 37. Nb4 Bb3 38. Nd3 Bc2 39. Nb4 Bb1 40. Na6 Ke6 41. Nc7+ Kf5 42. Nxb5 Kg4 43. Ke3 Kh3 44. Kf2 Kxh2 45. Nd6 h5 46. Nf7 g4 47. Ne5 Bc2 48. Nf7 h4 49. gxh4 g3+ 50. Ke3 g2 0-1

[Event "Balatonalmadi Pannonia Cup 23th"]
[Site "Balatonalmadi"]
[Date "2018.07.18"]
[Round "1"]
[White "Soos, David"]
[Black "Mlynek, Petr"]
[Result "0-1"]
[WhiteElo "1781"]
[BlackElo "2120"]
[PlyCount "104"]
[EventDate "2018.07.18"]
[EventType "swiss"]
[EventRounds "7"]
[EventCountry "HUN"]
[SourceTitle "EXT 2025"]
[Source "ChessBase"]
[SourceDate "2024.10.14"]
[SourceVersion "1"]
[SourceVersionDate "2024.10.14"]
[SourceQuality "1"]

1. d4 d5 2. Nf3 c6 3. c4 e6 4. Nc3 dxc4 5. a4 Bb4 6. e4 b5 7. Be2 Nf6 8. Bg5 h6 9. Bxf6 Qxf6 10. 0-0 Bxc3 11. bxc3 0-0 12. Qc2 Nd7 13. d5 exd5 14. exd5 cxd5 15. axb5 Bb7 16. Rfd1 Nc5 17. Nd4 Rfe8 18. Bf3 Ne6 19. Nf5 Ng5 20. Re1 Re5 21. Rxe5 Qxe5 22. Nd4 Ne6 23. Nf5 h5 24. Rd1 g6 25. Ne3 Nc5 26. Be2 Ne4 27. Rd4 Re8 28. Bf3 Nxf2 29. Qxf2 Qxe3 30. Qxe3 Rxe3 31. Bxd5 Bxd5 32. Rxd5 Rxc3 33. Rd7 Rb3 34. Rxa7 Rxb5 35. Rc7 Rb1+ 36. Kf2 Rc1 37. h4 Kg7 38. g3 c3 39. Ke2 c2 40. Kd2 Rg1 41. Rc3 c1Q+ 42. Rxc1 Rxg3 43. Ke2 Rg4 44. Rh1 f5 45. Kf3 Kf6 46. Rh2 f4 47. Rh1 Kf5 48. Rh3 Rg3+ 49. Rxg3 fxg3 50. Kxg3 Ke4 51. Kg2 Kf4 52. Kh3 Kf3 0-1

[Event "HUN-chT2 Szechenyi 1718"]
[Site "Hungary"]
[Date "2018.01.28"]
[Round "5.7"]
[White "Kovacs, Milan"]
[Black "Soos, David"]
[Result "0-1"]
[WhiteElo "1977"]
[BlackElo "1745"]
[PlyCount "112"]
[EventDate "2017.10.29"]
[EventType "team-tourn"]
[EventRounds "9"]
[EventCountry "HUN"]
[SourceTitle "EXT 2021"]
[Source "ChessBase"]
[SourceDate "2020.10.23"]
[SourceVersion "1"]
[SourceVersionDate "2020.10.23"]
[SourceQuality "1"]
[WhiteTeam "Gyor Elektromos"]
[BlackTeam "Ajka ASSE"]
[WhiteTeamCountry "HUN"]
[BlackTeamCountry "HUN"]

1. e4 c5 2. Nc3 d6 3. g3 Nf6 4. Bg2 e5 5. d3 Be7 6. Nge2 Nc6 7. 0-0 0-0 8. f4 exf4 9. gxf4 Bg4 10. h3 Bxe2 11. Nxe2 Qb6 12. Kh2 Rad8 13. Ng3 Rfe8 14. Rg1 Kh8 15. Nh5 Nxh5 16. Qxh5 g6 17. Qg4 Bf6 18. c3 Rg8 19. Qe2 Qc7 20. Be3 Rde8 21. Raf1 g5 22. Qd2 gxf4 23. Bxf4 Be5 24. Kh1 Qe7 25. Qf2 Bxf4 26. Qxf4 Rg7 27. Bf3 Reg8 28. Rxg7 Rxg7 29. Bh5 Qe6 30. Qf5 Qh6 31. Be2 Qe3 32. Qf3 Rg3 33. Qf6+ Rg7 34. Qf3 Rg3 35. Qxe3 Rxe3 36. Rf2 Rxh3+ 37. Kg2 Re3 38. Bh5 Rxd3 39. Bxf7 Ne5 40. Bb3 Kg7 41. Be6 Re3 42. Bf5 h5 43. Rd2 Rd3 44. Rf2 h4 45. Kf1 Rf3 46. Rxf3 Nxf3 47. Kg2 Ng5 48. b4 Kf6 49. Kf2 Ke5 50. Kg2 Nxe4 51. Bc8 b6 52. bxc5 bxc5 53. c4 Kd4 54. Ba6 Nd2 55. Kh3 Nxc4 56. Kxh4 Ne3 0-1

[Event "Ajka Borostyan Cup"]
[Site "Ajka"]
[Date "2009.07.19"]
[Round "9"]
[White "Soos, David"]
[Black "Fekete, Laszlo"]
[Result "1/2-1/2"]
[WhiteElo "1751"]
[BlackElo "1570"]
[PlyCount "107"]
[EventDate "2009.07.11"]
[EventType "swiss"]
[EventRounds "9"]
[EventCountry "HUN"]
[SourceTitle "EXT 2011"]
[Source "ChessBase"]
[SourceDate "2010.11.26"]
[SourceVersion "1"]
[SourceVersionDate "2010.11.26"]
[SourceQuality "1"]

1. Nf3 d5 2. d4 Nf6 3. g3 Bf5 4. Bg2 e6 5. 0-0 Be7 6. Nc3 0-0 7. Nh4 c6 8. Nxf5 exf5 9. Bh3 g6 10. Bh6 Re8 11. e3 Nbd7 12. Re1 Bf8 13. Bxf8 Kxf8 14. Bg2 Ne4 15. f3 Nd6 16. Qd3 Nf6 17. b3 Qc7 18. Na4 b5 19. Nc5 Nd7 20. e4 Nxc5 21. dxc5 Nb7 22. Qd4 Qe5 23. Qxe5 Rxe5 24. f4 Rxe4 25. Bxe4 fxe4 26. b4 f5 27. c3 a5 28. a3 a4 29. Kf2 Nd8 30. Ke3 Ne6 31. Rf1 Kg7 32. h3 Rd8 33. Rad1 Kf6 34. g4 Rf8 35. gxf5 Kxf5 36. Rd2 Ng7 37. Rg2 Nh5 38. Rg5+ Ke6 39. Re5+ Kf6 40. Rf2 Ng3 41. Rg5 Nf5+ 42. Ke2 Nh4 43. Rg4 Nf5 44. Rfg2 Rd8 45. h4 Rg8 46. h5 Rg7 47. hxg6 Rxg6 48. Rxg6+ hxg6 49. Rh2 Ng3+ 50. Kf2 Nh5 51. Ke3 Kf5 52. Rh3 Kg4 53. Rh1 Kf5 54. Rh3 1/2-1/2

[Event "Ajka Borostyan Cup"]
[Site "Ajka"]
[Date "2009.07.12"]
[Round "2"]
[White "Laszlo, Evelin"]
[Black "Soos, David"]
[Result "1-0"]
[WhiteElo "1538"]
[BlackElo "1751"]
[PlyCount "107"]
[EventDate "2009.07.11"]
[EventType "swiss"]
[EventRounds "9"]
[EventCountry "HUN"]
[SourceTitle "EXT 2011"]
[Source "ChessBase"]
[SourceDate "2010.11.26"]
[SourceVersion "1"]
[SourceVersionDate "2010.11.26"]
[SourceQuality "1"]

1. e4 e5 2. Nf3 Nf6 3. Nc3 Nc6 4. Bb5 d6 5. d4 exd4 6. Nxd4 Bd7 7. Bxc6 bxc6 8. a3 Be7 9. 0-0 0-0 10. f4 c5 11. Nf3 Bc6 12. Re1 Re8 13. b4 cxb4 14. axb4 a6 15. Rb1 Bf8 16. Qd3 Qc8 17. Nd5 Nxd5 18. exd5 Rxe1+ 19. Nxe1 Bb5 20. c4 Bd7 21. Bd2 Bf5 22. Qb3 Bxb1 23. Qxb1 Qe8 24. Qd3 Qd7 25. h3 g6 26. Nf3 Bh6 27. Nh2 Re8 28. Ng4 Bg7 29. Bc3 f5 30. Nf6+ Bxf6 31. Bxf6 Re4 32. b5 axb5 33. cxb5 Rxf4 34. Qe3 Re4 35. Qa7 Kf7 36. Bd4 Re7 37. Qb8 Qe8 38. Qb7 f4 39. Bf2 h6 40. Qa6 Re5 41. Qb7 Qd7 42. Bh4 g5 43. Bf2 h5 44. b6 Re7 45. bxc7 Qxc7 46. Qb1 Kf8 47. Qf5+ Rf7 48. Qxg5 Qc1+ 49. Kh2 Qf1 50. Qd8+ Kg7 51. Bd4+ Kh7 52. Qh8+ Kg6 53. Qg8+ Kh6 54. Qxf7 1-0

[Event "Devecser Esterhazy Memorial op"]
[Site "Devecser"]
[Date "2009.07.05"]
[Round "6"]
[White "Krepsz, Gabor"]
[Black "Soos, David"]
[Result "0-1"]
[WhiteElo "1687"]
[BlackElo "1751"]
[PlyCount "74"]
[EventDate "2009.07.02"]
[EventType "swiss"]
[EventRounds "7"]
[EventCountry "HUN"]
[SourceTitle "EXT 2011"]
[Source "ChessBase"]
[SourceDate "2010.11.26"]
[SourceVersion "1"]
[SourceVersionDate "2010.11.26"]
[SourceQuality "1"]

1. d4 d5 2. c4 e6 3. c5 Nf6 4. Nf3 Be7 5. Nc3 0-0 6. e3 b6 7. b4 a5 8. Ba3 axb4 9. Bxb4 bxc5 10. Bxc5 Bxc5 11. dxc5 Ba6 12. Bd3 Bxd3 13. Qxd3 Ra3 14. 0-0 Ne4 15. Rfc1 Qf6 16. Qb5 Rxc3 17. c6 Rxc1+ 18. Rxc1 Nc3 19. Qb2 Ne4 20. Ne5 Rd8 21. f4 Nd6 22. Qe2 Nf5 23. g3 Qe7 24. Qd3 f6 25. Nf3 Qd6 26. e4 dxe4 27. Qxe4 Qd5 28. Qe2 Nxc6 29. Re1 Kf7 30. g4 Nfd4 31. Nxd4 Nxd4 32. Qe4 Nf3+ 33. Kf2 Nxe1 34. Qxe1 Qxa2+ 35. Kg3 Rd2 36. Qc1 Rg2+ 37. Kf3 Qe2# 0-1

[Event "Devecser Esterhazy Memorial op"]
[Site "Devecser"]
[Date "2009.07.04"]
[Round "4"]
[White "Fekete, Laszlo"]
[Black "Soos, David"]
[Result "1/2-1/2"]
[WhiteElo "1570"]
[BlackElo "1751"]
[PlyCount "31"]
[EventDate "2009.07.02"]
[EventType "swiss"]
[EventRounds "7"]
[EventCountry "HUN"]
[SourceTitle "EXT 2011"]
[Source "ChessBase"]
[SourceDate "2010.11.26"]
[SourceVersion "1"]
[SourceVersionDate "2010.11.26"]
[SourceQuality "1"]

1. e4 d5 2. exd5 Qxd5 3. d4 Nc6 4. Nf3 Bg4 5. Be2 0-0-0 6. c3 e5 7. dxe5 Nxe5 8. Qxd5 Rxd5 9. Nbd2 Nxf3+ 10. Nxf3 Bc5 11. 0-0 Nf6 12. Bf4 Nh5 13. Bg3 Nxg3 14. hxg3 Bxf3 15. Bxf3 Rd2 16. b3 1/2-1/2

[Event "Devecser Esterhazy Memorial op"]
[Site "Devecser"]
[Date "2009.07.03"]
[Round "3"]
[White "Soos, David"]
[Black "Lakatos, Ervin"]
[Result "1/2-1/2"]
[WhiteElo "1751"]
[BlackElo "1741"]
[PlyCount "52"]
[EventDate "2009.07.02"]
[EventType "swiss"]
[EventRounds "7"]
[EventCountry "HUN"]
[SourceTitle "EXT 2011"]
[Source "ChessBase"]
[SourceDate "2010.11.26"]
[SourceVersion "1"]
[SourceVersionDate "2010.11.26"]
[SourceQuality "1"]

1. Nf3 d5 2. d4 Nf6 3. Bf4 e6 4. e3 Nbd7 5. a3 Nh5 6. Bg3 Nxg3 7. hxg3 Bd6 8. Nc3 a6 9. e4 dxe4 10. Nxe4 Nf6 11. Nxd6+ Qxd6 12. Bd3 Bd7 13. Qd2 h6 14. 0-0-0 0-0-0 15. Qa5 Ng4 16. Rhf1 Rhf8 17. c4 Qc6 18. b4 b5 19. Nd2 Qb6 20. Qxb6 cxb6 21. cxb5 Bxb5 22. Bxb5 axb5 23. Ne4 Kb7 24. Kb2 f5 25. Nc3 Kc6 26. Ne2 Kb7 1/2-1/2

[Event "Ajka Borostyan Cup"]
[Site "Ajka"]
[Date "2008.07.12"]
[Round "1"]
[White "Soos, David"]
[Black "Paksa, Rudolf"]
[Result "0-1"]
[WhiteElo "1747"]
[BlackElo "2199"]
[PlyCount "44"]
[EventDate "2008.07.12"]
[EventType "swiss"]
[EventRounds "9"]
[EventCountry "HUN"]
[SourceTitle "EXT 2011"]
[Source "ChessBase"]
[SourceDate "2010.11.26"]
[SourceVersion "1"]
[SourceVersionDate "2010.11.26"]
[SourceQuality "1"]

1. Nf3 d5 2. g3 Nc6 3. d4 Bg4 4. Bg2 Qd7 5. 0-0 h5 6. Ne5 Nxe5 7. dxe5 0-0-0 8. Nc3 Bh3 9. Bg5 Bxg2 10. Kxg2 f6 11. exf6 exf6 12. Bd2 h4 13. Rh1 Bc5 14. e3 d4 15. exd4 Bxd4 16. Qf3 Ne7 17. Rhe1 hxg3 18. Qxg3 Nf5 19. Qd3 Be5 20. Qxd7+ Rxd7 21. Be3 Nh4+ 22. Kh1 Nf3 0-1

[Event "HUN-chT2 Szechenyi 0708"]
[Site "Hungary"]
[Date "2008.03.30"]
[Round "9"]
[White "Kishegyi, Balazs"]
[Black "Soos, David"]
[Result "1-0"]
[WhiteElo "1980"]
[BlackElo "1806"]
[PlyCount "93"]
[EventDate "2007.10.14"]
[EventType "team-tourn"]
[EventRounds "11"]
[EventCountry "HUN"]
[SourceTitle "EXT 2009"]
[Source "ChessBase"]
[SourceDate "2008.11.26"]
[SourceVersion "1"]
[SourceVersionDate "2008.11.26"]
[SourceQuality "1"]
[WhiteTeam "Veszprem"]
[BlackTeam "Peti MTE"]
[WhiteTeamCountry "HUN"]
[BlackTeamCountry "HUN"]

1. e4 c5 2. Nf3 d6 3. d4 cxd4 4. Nxd4 Nf6 5. Nc3 a6 6. Be2 g6 7. Be3 Bg7 8. f4 0-0 9. Bf3 Bd7 10. e5 dxe5 11. fxe5 Ne8 12. Bxb7 Ra7 13. Nc6 Nxc6 14. Bxc6 Qc7 15. Bxa7 Bxc6 16. Bd4 Bxe5 17. Bxe5 Qxe5+ 18. Qe2 Qxe2+ 19. Nxe2 Bxg2 20. Rg1 Be4 21. 0-0-0 Nd6 22. Nc3 Bc6 23. Nd5 Bxd5 24. Rxd5 f5 25. Ra5 Ra8 26. b4 Nc4 27. Rc5 Nd6 28. a4 Rb8 29. c3 Kf7 30. Rc6 Ra8 31. Rd1 f4 32. Kd2 Ne4+ 33. Ke2 g5 34. Kf3 Nf6 35. c4 h5 36. Rc5 Kg6 37. Re5 Ra7 38. c5 Ng4 39. Red5 Ne3 40. Rd7 Rxd7 41. Rxd7 Kf6 42. c6 Nc4 43. Rd5 Nb6 44. Rd8 e5 45. c7 g4+ 46. Kf2 e4 47. Rd6+ 1-0